Movies Quiz

Random Movies or Cartoons Quiz

Disney-pedia: The Disney Princesses Quiz Stats

 Plays Quiz Updated Mar 20, 2014

Challenge
Share
Tweet
Embed
Score 0/11 Timer 01:30
40 Plays Today
% Correct
Mulan
91.8%
Rapunzel
91%
Ariel
89.5%
Cinderella
87.8%
Belle
86.3%
Jasmine
74.8%
Snow White
74%
Aurora
70.7%
Merida
63.3%
Pocahontas
49.1%
Tiana
38.2%

You're not logged in!

Compare scores with friends on all Sporcle quizzes.
Join for Free
OR
Log In

You Might Also Like...

Show Comments

Extras

Top Quizzes Today


Score Distribution

Your Account Isn't Verified!

In order to create a playlist on Sporcle, you need to verify the email address you used during registration. Go to your Sporcle Settings to finish the process.

Report this User

Report this user for behavior that violates our Community Guidelines.

Details: